Sistemas radiantes para T.V

Gardado en:
Detalles Bibliográficos
Autor Principal: Dávila R., Alfredo
Formato: Libro
Publicado: [San José , Costa Rica] 1984
Materias:
Etiquetas: Engadir etiqueta
Sen Etiquetas, Sexa o primeiro en etiquetar este rexistro!

MARC

LEADER 00000nam a2200000Ia 4500
003 002511
005 20221231144409.0
008 140114s1984 cr a m 000 ||s d
040 |c cru CEDI 
090 |a TFG 1523 
100 |a Dávila R., Alfredo  |9 14852 
245 |a Sistemas radiantes para T.V 
260 |c 1984  |a [San José , Costa Rica] 
300 |a  97 hojas : ilustraciones  
500 |a Proyecto de graduación (bachiller en ingeniería eléctrica)--Universidad de Costa Rica. Facultad de Ingeniería. Escuela de Ingeniería Eléctrica 
650 |x ANTENAS DE TELEVISION  |9 10933 
942 |c TFG 
999 |c 21274  |d 21274